LEADER 01955oas 2200637 a 450 001 9910634086803321 005 20250910213016.0 011 $a2167-1427 035 $a(OCoLC)60621869 035 $a(CONSER) 2012204062 035 $a(CKB)3720000000033307 035 $a(EXLCZ)993720000000033307 100 $a20050614a19959999 sy a 101 0 $aeng 135 $aurun||||||||| 181 $ctxt$2rdacontent 182 $cc$2rdamedia 183 $acr$2rdacarrier 200 10$aDennis Barry's reimbursement advisor 210 $aFrederick, MD $cAspen Publishers 210 3 $aNew York $cAspen Publishers 311 08$a2167-1419 517 3 $aReimbursement advisor 606 $aMedicare$xClaims administration$vPeriodicals 606 $aMedicaid$xClaims administration$vPeriodicals 606 $aMedical fees$zUnited States$vPeriodicals 606 $aMedicaid$xClaims administration$2fast$3(OCoLC)fst01013661 606 $aMedical fees$2fast$3(OCoLC)fst01014114 606 $aMedicare$xClaims administration$2fast$3(OCoLC)fst01014819 606 $aMe?decins$xHonoraires$zE?tats-Unis$vPe?riodiques 607 $aUnited States$2fast$1https://id.oclc.org/worldcat/entity/E39PBJtxgQXMWqmjMjjwXRHgrq 608 $aPeriodicals.$2fast 615 0$aMedicare$xClaims administration 615 0$aMedicaid$xClaims administration 615 0$aMedical fees 615 7$aMedicaid$xClaims administration. 615 7$aMedical fees. 615 7$aMedicare$xClaims administration. 615 6$aMe?decins$xHonoraires 676 $a368.4 801 0$bOCLCS 801 1$bOCLCS 801 2$bOCLCQ 801 2$bDLC 801 2$bAU@ 801 2$bOCLCQ 801 2$bOCLCO 801 2$bOCLCF 801 2$bOCLCQ 801 2$bUAB 801 2$bOCLCL 801 2$bAUD 906 $aJOURNAL 912 $a9910634086803321 996 $aDennis Barry's reimbursement advisor$92576752 997 $aUNINA